• 首页
  • 本馆介绍
  • 公告通知
  • 最新文献
  • 馆藏检索
  • 电子资源
  • 读者导购
  • 参考咨询
  • 我的图书馆
  • 登录
  • 详细信息显示
  • 放入我的书架
  • 预约/预借图书
  • 作者相关作品
  • 分类相关作品
  • 丛书相关作品
  • 出版社相关作品

书目信息

  • 表格格式
  • 工作单格式
  • 卡片格式
题名:
冒号分类法解说及类表
    
 
作者: 宋克强 , 许培基 译著
分册:  
出版信息: 北京   书目文献出版社  1986.03
页数: 552页
开本: 19cm
丛书名:
单 册:
中图分类: G254.1
科图分类:
主题词: 图书馆学 , 图书馆事业
电子资源:
ISBN:
000 00655nam0 2200229 45
001 0303170875
005 20031219104107.0
010    @dCNY2.80
091    @a7201.67
100    @a20030317d1986 km y0chiy0120 ea
101 0  @achi
105    @a z 000yy
200 1  @a冒号分类法解说及类表@AMao Hao Fen Lei Fa Jie Shuo Ji Lei Biao@f宋克强,许培基译著@FSong Ke Qiang,Xu Pei Ji Yi Zhu
210    @a北京@c书目文献出版社@d1986.03
215    @a552页@d19cm
606 0  @a图书馆学
606 0  @a图书馆事业
690    @aG254.1@v3
701  0 @a宋克强@4译著
701  0 @a许培基@4译著
801    @aCN@bTSTC@c20030317
905    @f1@b158291@f3@f1@b158287@dG254.1@e25
    
    冒号分类法解说及类表/宋克强,许培基译著.-北京:书目文献出版社,1986.03
    552页;19cm
    
    
    ISBN :CNY2.80
    
●
相关链接 在E读中查询图书 在五车中查询图书 在当当中查询图书 在豆瓣中查询图书


正题名:冒号分类法解说及类表     索取号:G254.1/25         预约/预借

序号 登录号 条形码 馆藏地/架位号 状态 备注
1 0158287   001766084   密集书库/ [索取号:G254.1/25] 在馆    
2 0158288   000503048   第一样本阅览室/ [索取号:G254.1/25] 在馆    
3 0158289   000502094   密集书库/ [索取号:G254.1/25] 在馆    
4 0158290   000502101   密集书库/ [索取号:G254.1/25] 在馆    
5 0158291   001766244   密集书库/ [索取号:G254.1/25] 在馆    
6 0168385   001766208   密集书库/ [索取号:G254.1/25] 在馆    
7 0168386   001766164   密集书库/ [索取号:G254.1/25] 在馆    
8 0168387   001766128   密集书库/ [索取号:G254.1/25] 在馆    
欢迎您!
大连网信软件有限公司© 版权所有